Sinh thái học

Trình bày những vấn đề chung của sinh thái học. Sinh thái học cá thể. Sinh thái học quần thể. Sinh thái học quần xã. Hệ sinh thái

保存先:
書誌詳細
第一著者: Đỗ, Văn Nhượng
フォーマット: 図書
言語:Undetermined
出版事項: Hà Nội Giáo dục Việt Nam 2013
主題:
タグ: タグ追加
タグなし, このレコードへの初めてのタグを付けませんか!
Thư viện lưu trữ: Trung tâm Học liệu Trường Đại học Cần Thơ
LEADER 00832nam a2200229Ia 4500
001 CTU_191650
008 210402s9999 xx 000 0 und d
020 |c 60000 
082 |a 577 
082 |b Nh561 
100 |a Đỗ, Văn Nhượng 
245 0 |a Sinh thái học 
245 0 |c Đỗ Văn Nhượng 
260 |a Hà Nội 
260 |b Giáo dục Việt Nam 
260 |c 2013 
520 |a Trình bày những vấn đề chung của sinh thái học. Sinh thái học cá thể. Sinh thái học quần thể. Sinh thái học quần xã. Hệ sinh thái 
526 |a Sinh thái học,Sinh thái học động vật 
526 |b SP167,TNS614 
650 |a Ecology,Sinh thái học 
910 |a Hải 
980 |a Trung tâm Học liệu Trường Đại học Cần Thơ